[Event "Kusadasi TUR"]
[Site "?"]
[Date "2006.04.09"]
[Round "6"]
[White "Nyback Tomi"]
[Black "Fedorov Alexei"]
[Result "1/2-1/2"]
[WhiteElo "2562"]
[BlackElo "2608"]
[PlyCount "81"]
[EventDate "2006.??.??"]
[Source "www.chesslib.no"]
[SourceDate "2004.05.04"]

1. d4 Nf6 2. c4 g6 3. Nc3 Bg7 4. e4 d6 5. f3 O-O 6. Be3 Nc6 7. Nge2 a6 8. Qd2 Rb8 9. Rc1 Bd7 10. Nd1 b5 11. c5 e6 12. Nf2 b4 13. Bg5 Ne7 14. e5 Ne8 15. Ne4 Bb5 16. Qf4 dxe5 17. dxe5 Nd5 18. Qh4 f6 19. exf6 Nexf6 20. Nd4 Bxf1 21. Nxe6 Qe7 22. Nxf8 Bxg2 23. Nxh7 Re8 24. Nhxf6+ Nxf6 25. Rf1 Qe6 26. Bxf6 Bxf6 27. Qg3 Bxb2 28. Rc2 Bxf1 29. Rxb2 Bc4 30. Rxb4 Bxa2 31. Qxc7 Bd5 32. Rb6 Qf7 33. Qxf7+ Kxf7 34. Kd2 Bxe4 35. fxe4 Rxe4 36. Kd3 Rh4 37. Rxa6 Rxh2 38. Kd4 g5 39. Ke5 Rc2 40. c6 Ke7 41. Ra7+ 1/2-1/2

[Event "Skelleftea"]
[Site "?"]
[Date "1989.??.??"]
[Round "?"]
[White "Vaganian, R."]
[Black "Nunn, J."]
[Result "0-1"]
[WhiteElo "2585"]
[BlackElo "2575"]
[PlyCount "118"]
[EventDate "1989.??.??"]
[Source "ChessBase"]
[SourceDate "1989.07.01"]

1. d4 Nf6 2. c4 g6 3. Nc3 Bg7 4. e4 d6 5. f3 O-O 6. Be3 Nc6 7. Qd2 a6 8. Nge2 Rb8 9. h4 h5 10. O-O-O b5 11. Nf4 bxc4 12. Bxc4 e5 13. dxe5 Nxe5 14. Bb3 Qe8 15. Kb1 a5 16. Qc2 Bd7 17. Bd4 Kh7 18. Nd3 Nc6 19. Bxf6 Bxf6 20. Nd5 Bg7 21. Ba4 Ne5 22. Bxd7 Qxd7 23. Rd2 Rb7 24. Ne3 Nxd3 25. Qxd3 Rfb8 26. Nc4 Rb4 27. Rc1 Qe7 28. g3 a4 29. Rcc2 a3 30. Nxa3 Qe5 31. Nc4 Qxg3 32. Qf1 Qxh4 33. a3 Rb3 34. Ka2 Qf6 35. f4 Qe6 36. Qe2 f5 37. exf5 Qxf5 38. Qe7 R3b7 39. Rf2 Kg8 40. Qe2 Qd5 41. Kb1 Qf5 42. Ka2 Rb5 43. Qe7 Bf8 44. Qe3 Qf7 45. Qd3 Rd5 46. Qf1 Rf5 47. Rf3 Bg7 48. Rcf2 Rf8 49. b3 g5 50. Ne3 Rxf4 51. Rxf4 gxf4 52. Ng2 f3 53. Nh4 Qd5 54. Qc4 Qxc4 55. bxc4 Rf4 56. Nxf3 Rxc4 57. Ng5 Rg4 58. Ne6 h4 59. Nxc7 h3 0-1

[Event "chT <Gol"]
[Site "chT Alushta <Gol"]
[Date "1995.??.??"]
[Round "?"]
[White "Savchenko, Stanislav"]
[Black "Golubev, Mihail"]
[Result "1-0"]
[WhiteElo "2585"]
[BlackElo "2570"]
[PlyCount "26"]
[EventDate "1995.??.??"]
[Source "www.chesslib.no"]
[SourceDate "2004.05.04"]

1. d4 Nf6 2. c4 g6 3. Nc3 Bg7 4. e4 d6 5. f3 O-O 6. Be3 Nc6 7. Nge2 a6 8. Qd2 Rb8 9. Rb1 b5 10. cxb5 axb5 11. b4 Bd7 12. d5 Ne5 13. Nd4 Bh3 1-0

[Event "UKR-chT Alushta"]
[Site "Alushta"]
[Date "1995.??.??"]
[Round "?"]
[White "Savchenko, Stanislav"]
[Black "Golubev, Mihail"]
[Result "1-0"]
[WhiteElo "2585"]
[BlackElo "2570"]
[PlyCount "87"]
[EventDate "1995.??.??"]
[Source "ChessBase"]

1. d4 Nf6 2. c4 g6 3. Nc3 Bg7 4. e4 d6 5. f3 O-O 6. Be3 Nc6 7. Nge2 a6 8. Qd2 Rb8 9. Rb1 b5 10. cxb5 axb5 11. b4 Bd7 12. d5 Ne5 13. Nd4 Qe8 14. Be2 e6 15. O-O Nc4 16. Bxc4 bxc4 17. Rfe1 e5 18. Nc2 Nh5 19. Na3 f5 20. exf5 Bxf5 21. Ne4 Ra8 22. Nxc4 Qb5 23. Na5 Nf4 24. Rbd1 Bxe4 25. fxe4 Bh6 26. Kh1 Rf7 27. g3 Nh3 28. Bxh6 Nf2+ 29. Kg2 Qd7 30. Rf1 Qh3+ 31. Kg1 Nxd1 32. Rxd1 Qg4 33. Re1 Kh8 34. Qe2 Qh3 35. Be3 Raf8 36. Nc4 Qd7 37. Kg2 Qb5 38. a3 Qa4 39. Qb2 Kg8 40. Rc1 Rf6 41. Bh6 R8f7 42. b5 Rf3 43. b6 Rb3 44. Qc2 1-0

[Event "Tan Cup"]
[Site "Beijing"]
[Date "1995.??.??"]
[Round "5"]
[White "Alterman, Boris"]
[Black "Ye Jiangchuan"]
[Result "1/2-1/2"]
[WhiteElo "2595"]
[BlackElo "2550"]
[PlyCount "30"]
[EventDate "1995.08.??"]
[Source "ChessBase"]

1. d4 Nf6 2. c4 g6 3. Nc3 Bg7 4. e4 d6 5. f3 O-O 6. Be3 Nc6 7. Qd2 a6 8. Nge2 Rb8 9. a3 b5 10. cxb5 axb5 11. d5 Na5 12. Nd4 e5 13. Nc6 Nxc6 14. dxc6 Be6 15. Nxb5 d5 1/2-1/2

[Event "Haifa"]
[Site "Haifa"]
[Date "1996.??.??"]
[Round "2"]
[White "Alterman, Boris"]
[Black "Sutovsky, Emil"]
[Result "1/2-1/2"]
[WhiteElo "2585"]
[BlackElo "2545"]
[PlyCount "79"]
[EventDate "1996.06.??"]
[Source "ChessBase"]

1. d4 Nf6 2. c4 g6 3. Nc3 Bg7 4. e4 d6 5. f3 a6 6. Be3 Nc6 7. Qd2 O-O 8. Nge2 Rb8 9. a3 Nd7 10. b4 Nb6 11. Qa2 e6 12. c5 Nd7 13. Rd1 dxc5 14. bxc5 Qe7 15. e5 b6 16. cxb6 Nxb6 17. Ng3 Rd8 18. Be2 Bf8 19. Nge4 Qxa3 20. Qxa3 Bxa3 21. Kf2 Be7 22. h4 Nd5 23. Nxd5 exd5 24. Nf6+ Bxf6 25. exf6 Rd6 26. Bf4 Rxf6 27. Bxc7 Rb2 28. Rb1 Rc2 29. Rhc1 Rxc1 30. Rxc1 Nxd4 31. Rd1 Nxe2 32. Rxd5 Re6 33. Rd8+ Kg7 34. Rxc8 Nd4 35. Rd8 Nc6 36. Rd5 h5 37. g4 hxg4 38. fxg4 Kf6 39. h5 gxh5 40. gxh5 1/2-1/2

[Event "Teeside"]
[Site "Teesside ENG"]
[Date "1975.??.??"]
[Round "11"]
[White "Lombardy, William J"]
[Black "Huebner, Robert"]
[Result "1/2-1/2"]
[WhiteElo "2515"]
[BlackElo "2615"]
[PlyCount "67"]
[EventDate "1975.??.??"]
[Source "www.chesslib.no"]
[SourceDate "2004.05.04"]

1. d4 Nf6 2. c4 g6 3. Nc3 Bg7 4. e4 d6 5. f3 O-O 6. Be3 Nc6 7. Qd2 Re8 8. Rd1 a6 9. Nge2 Rb8 10. Nc1 e5 11. d5 Nd4 12. N1e2 c5 13. dxc6 bxc6 14. Nxd4 exd4 15. Bxd4 d5 16. Be2 dxe4 17. fxe4 Nxe4 18. Nxe4 Rxe4 19. Bxg7 Qh4+ 20. g3 Qe7 21. O-O Rxe2 22. Qh6 Bf5 23. Bc3 f6 24. Rf2 Rxf2 25. Kxf2 Re8 26. Qd2 Bg4 27. Re1 Qc5+ 28. Qd4 Qf5+ 29. Qf4 Rxe1 30. Kxe1 Qe6+ 31. Kf2 Kg7 32. Qc7+ Kh6 33. Qf4+ Kg7 34. Qc7+ 1/2-1/2

[Event "Corr"]
[Site "?"]
[Date "2000.09.01"]
[Round "?"]
[White "Burger Heinrich (GER)"]
[Black "Pankratov Aleksandr Valerievi"]
[Result "1/2-1/2"]
[WhiteElo "2567"]
[BlackElo "2561"]
[PlyCount "56"]
[EventDate "2000.??.??"]
[Source "www.chesslib.no"]
[SourceDate "2004.05.04"]

1. d4 Nf6 2. c4 g6 3. Nc3 Bg7 4. e4 O-O 5. Be3 d6 6. f3 a6 7. Qd2 Nc6 8. Nge2 Rb8 9. a3 b5 10. cxb5 axb5 11. b4 e5 12. d5 Ne7 13. Ng3 Bd7 14. Bd3 c6 15. dxc6 Bxc6 16. Qe2 Qd7 17. a4 bxa4 18. b5 Ba8 19. O-O d5 20. Nxa4 d4 21. Bd2 Rfc8 22. Bb4 Bf8 23. Qd2 Ne8 24. f4 Bh6 25. Nc5 Qd8 26. Qa2 Bxf4 27. Ne6 fxe6 28. Qxe6+ Kh8 1/2-1/2

[Event "Petrov mem"]
[Site "St Petersburg"]
[Date "1996.??.??"]
[Round "4"]
[White "Savchenko, Stanislav"]
[Black "Fedorov, Alexei"]
[Result "1-0"]
[WhiteElo "2585"]
[BlackElo "2540"]
[PlyCount "65"]
[EventDate "1996.02.??"]
[Source "ChessBase"]

1. d4 Nf6 2. c4 g6 3. Nc3 Bg7 4. e4 d6 5. f3 O-O 6. Be3 Nc6 7. Nge2 a6 8. Qd2 Rb8 9. Rb1 b5 10. cxb5 axb5 11. b4 e5 12. d5 Ne7 13. Ng3 Bd7 14. Be2 c6 15. dxc6 Bxc6 16. O-O d5 17. Bc5 d4 18. Nd1 Ne8 19. Nf2 Nd6 20. Rbc1 h5 21. Bd3 Kh7 22. Nh3 Bh6 23. Ng5+ Kg8 24. f4 h4 25. fxe5 Nc4 26. Rxc4 bxc4 27. Bxc4 Bb5 28. Bxf7+ Rxf7 29. Rxf7 Rb7 30. Nh5 gxh5 31. Rf6 Bg7 32. Ne6 Qe8 33. Nxg7 1-0

[Event "Manila"]
[Site "Manila"]
[Date "1974.??.??"]
[Round "8"]
[White "Kraidman, Yair"]
[Black "Portisch, Lajos"]
[Result "1/2-1/2"]
[WhiteElo "2470"]
[BlackElo "2645"]
[PlyCount "109"]
[EventDate "1974.??.??"]
[Source "ChessBase"]

1. d4 Nf6 2. c4 g6 3. Nc3 Bg7 4. e4 d6 5. f3 O-O 6. Be3 Nc6 7. Nge2 Rb8 8. Qd2 a6 9. O-O-O b5 10. g4 e5 11. d5 Na5 12. Ng3 Bd7 13. c5 b4 14. c6 bxc3 15. Qxc3 Nxc6 16. dxc6 Be6 17. g5 Nh5 18. Nxh5 gxh5 19. Kb1 Qe8 20. Rc1 a5 21. Qxa5 Ra8 22. Ba7 f6 23. Bc4 fxg5 24. Bxe6+ Qxe6 25. Rc3 g4 26. fxg4 hxg4 27. Rd1 Qg6 28. Qd5+ Kh8 29. Be3 Bh6 30. Bxh6 Qxh6 31. Rc2 Qg6 32. a3 Rf4 33. Re1 Kg7 34. Ka1 h5 35. Rce2 Qf7 36. Qxf7+ Kxf7 37. Ka2 Ra6 38. Rc1 Ra4 39. Kb3 Raxe4 40. Rxe4 Rxe4 41. a4 Ke6 42. a5 Kd5 43. Ka3 h4 44. a6 Rf4 45. b4 g3 46. hxg3 hxg3 47. a7 Rf8 48. b5 g2 49. b6 g1=Q 50. Rxg1 Kxc6 51. bxc7 Kxc7 52. Kb4 Kb7 53. Kb5 Kxa7 54. Kc6 Rf6 55. Rh1 1/2-1/2

[Event "Corr"]
[Site "?"]
[Date "1999.06.30"]
[Round "?"]
[White "Mohrlok Dieter (GER)"]
[Black "Brzozka Stefan (POL)"]
[Result "1-0"]
[WhiteElo "2533"]
[BlackElo "2570"]
[PlyCount "59"]
[EventDate "1999.??.??"]
[Source "www.chesslib.no"]
[SourceDate "2004.05.04"]

1. d4 Nf6 2. c4 g6 3. Nc3 Bg7 4. e4 d6 5. f3 O-O 6. Be3 Nc6 7. Nge2 a6 8. Qd2 Rb8 9. h4 h5 10. O-O-O b5 11. Nd5 bxc4 12. Nxf6+ exf6 13. g4 Nb4 14. Nc3 c5 15. dxc5 Be6 16. a3 Nc6 17. gxh5 f5 18. hxg6 Rb3 19. gxf7+ Kh7 20. Qxd6 Rxc3+ 21. bxc3 Qa5 22. Kd2 Rd8 23. Ke2 Rxd6 24. Rxd6 Bxf7 25. Rxc6 Qxc3 26. Bh3 Qc2+ 27. Kf1 Qd1+ 28. Kg2 Qe2+ 29. Bf2 Bh5 30. Bxf5+ 1-0

[Event "ch-UKR"]
[Site "Simferopol"]
[Date "2003.11.11"]
[Round "8"]
[White "Malakhatko, Vadim"]
[Black "Miroshnichenko, Evgenij"]
[Result "0-1"]
[WhiteElo "2529"]
[BlackElo "2571"]
[PlyCount "80"]
[EventDate "2003.11.04"]
[Source "Roberto Alvarez"]
[SourceDate "2003.12.22"]

1. d4 Nf6 2. c4 g6 3. Nc3 Bg7 4. e4 O-O 5. Nge2 d6 6. f3 a6 7. Be3 Nc6 8. Qd2 Rb8 9. Rb1 b5 10. cxb5 axb5 11. b4 Bd7 12. d5 Ne5 13. Nd4 e6 14. Be2 exd5 15. exd5 Re8 16. O-O Re7 17. Rfe1 Qe8 18. Bg5 Rb6 19. Bf1 Qb8 20. a4 bxa4 21. f4 Nc4 22. Bxc4 Rxe1+ 23. Qxe1 Rxb4 24. Nc2 Rxb1 25. Qxb1 Qa7+ 26. Kh1 Bf5 27. Nb5 Qb6 28. Bxf6 Bxf6 29. Qc1 Qf2 30. Nba3 Be4 31. Qf1 Qd2 32. Qe2 Qxf4 33. Qf1 Qg5 34. Ne1 Bb2 35. Nb5 a3 36. Nxc7 Be5 37. Nf3 Qf4 38. Qe2 Qc1+ 39. Ne1 Bb1 40. Nb5 a2 0-1

[Event "Oxford 74/(583)"]
[Site "?"]
[Date "1998.??.??"]
[Round "?"]
[White "Rowson, Jonathan"]
[Black "Nunn, John DM"]
[Result "1/2-1/2"]
[WhiteElo "2495"]
[BlackElo "2600"]
[PlyCount "56"]
[Source "ChessBase"]
[SourceDate "1998.10.01"]

1. d4 Nf6 2. c4 g6 3. Nc3 Bg7 4. e4 d6 5. f3 O-O 6. Nge2 Nc6 7. Be3 a6 8. Qd2 Rb8 9. h4 h5 10. O-O-O b5 11. Bh6 e5 12. Bxg7 Kxg7 13. Nd5 bxc4 14. Nxf6 Qxf6 15. d5 Na7 16. Nc3 Nb5 17. Bxc4 Qe7 18. Ne2 Rd8 19. Qe3 c5 20. dxc6 Qc7 21. Bd5 Bd7 22. Kb1 Bxc6 23. Rc1 Na7 24. Rc2 Qb7 25. Bb3 a5 26. Nc3 Rdc8 27. Rhc1 Qd7 28. Bc4 Ba8 1/2-1/2

[Event "Biel Credis"]
[Site "Biel"]
[Date "1996.??.??"]
[Round "8"]
[White "Gallagher, Joseph G"]
[Black "Sutovsky, Emil"]
[Result "1/2-1/2"]
[WhiteElo "2530"]
[BlackElo "2565"]
[PlyCount "114"]
[EventDate "1996.07.22"]
[Source "ChessBase"]

1. d4 Nf6 2. c4 g6 3. Nc3 Bg7 4. e4 d6 5. f3 a6 6. Be3 Nc6 7. Nge2 O-O 8. Qd2 Rb8 9. h4 b5 10. h5 e5 11. d5 Na5 12. Ng3 bxc4 13. O-O-O Bd7 14. Bh6 Bxh6 15. Qxh6 Rb4 16. Rd2 Qe7 17. Be2 Rfb8 18. Nf1 c5 19. Bd1 Ne8 20. hxg6 fxg6 21. g4 Qg7 22. g5 Qxh6 23. Rxh6 Nb7 24. a3 Rb6 25. Rdh2 Nd8 26. Rxh7 Nf7 27. Ne3 R6b7 28. R7h4 Ng7 29. Nxc4 Bb5 30. Ne3 Nh5 31. Nf5 Be8 32. f4 Nxf4 33. Nxd6 Rxb2 34. Bc2 Kf8 35. Nxe8 Kxe8 36. Ba4+ Ke7 37. d6+ Kxd6 38. Rxf4 exf4 39. Rxb2 Rxb2 40. Kxb2 f3 41. Nd1 Nxg5 42. Be8 Nxe4 43. Bxg6 f2 44. Ne3 Ke5 45. Nf1 Kd4 46. Bxe4 Kxe4 47. Kc3 Kd5 48. Nd2 Kc6 49. Kc4 Kb6 50. a4 Ka5 51. Kb3 Kb6 52. Nf1 Ka5 53. Ne3 Kb6 54. Ka3 Kc6 55. Kb2 Kb6 56. Kb3 Kc6 57. Kc3 Kb6 1/2-1/2

[Event "Bundesliga 9900"]
[Site "Germany"]
[Date "2000.02.20"]
[Round "11"]
[White "Conquest, Stuart"]
[Black "Kindermann, Stefan"]
[Result "1/2-1/2"]
[WhiteElo "2563"]
[BlackElo "2528"]
[PlyCount "81"]
[EventDate "1999.10.??"]
[Source "ChessBase"]
[SourceDate "2000.03.10"]

1. d4 Nf6 2. c4 g6 3. Nc3 Bg7 4. e4 d6 5. f3 O-O 6. Nge2 a6 7. Be3 Nc6 8. Qd2 Rb8 9. Rc1 Bd7 10. Nd1 b5 11. c5 e6 12. Nf2 Qe7 13. cxd6 cxd6 14. g3 Qd8 15. Bg2 Qa5 16. Qxa5 Nxa5 17. b3 Rfc8 18. Kd2 Rxc1 19. Rxc1 Rc8 20. Rxc8+ Bxc8 21. Nd3 Nc6 22. g4 d5 23. g5 Nd7 24. Bh3 Nb6 25. Nc5 Kf8 26. Bg4 Ke8 27. h4 Bf8 28. Nc3 e5 29. Ne2 Bxg4 30. fxg4 exd4 31. Nxd4 Nxd4 32. Bxd4 Bxc5 33. Bxc5 Nd7 34. Bd4 Ke7 35. Ke3 Ke6 36. a4 Nb8 37. axb5 axb5 38. Bc3 Nc6 39. Kd3 Kd6 40. Bg7 Ke6 41. Bc3 1/2-1/2

[Event "Valby K41"]
[Site "Valby"]
[Date "1991.??.??"]
[Round "4"]
[White "Razuvaev, Yuri S"]
[Black "Uhlmann, Wolfgang"]
[Result "1/2-1/2"]
[WhiteElo "2590"]
[BlackElo "2500"]
[PlyCount "124"]
[EventDate "1991.09.??"]
[Source "ChessBase"]

1. d4 Nf6 2. c4 g6 3. Nc3 Bg7 4. e4 d6 5. f3 O-O 6. Be3 Nc6 7. Nge2 a6 8. Qd2 Rb8 9. h4 h5 10. Nc1 e5 11. d5 Nd4 12. Nb3 c5 13. dxc6 bxc6 14. Nxd4 exd4 15. Bxd4 Qa5 16. Rc1 d5 17. cxd5 cxd5 18. Bxf6 Bxf6 19. Nxd5 Qxd2+ 20. Kxd2 Rxb2+ 21. Rc2 Rxc2+ 22. Kxc2 Be5 23. Bc4 Bd7 24. f4 Bg7 25. Rb1 Re8 26. Re1 a5 27. e5 Be6 28. Kc3 Bxd5 29. Bxd5 Bf8 30. Kd3 Bb4 31. Rc1 Kg7 32. Ke4 Re7 33. f5 gxf5+ 34. Kxf5 Bd2 35. Rc4 Be1 36. g4 Rd7 37. Rc5 hxg4 38. Kxg4 Bb4 39. Rb5 Rc7 40. h5 Rc5 41. a4 Rc7 42. Rb6 Bd2 43. Kf5 Rd7 44. Rb5 Kh6 45. Bb3 Kg7 46. Ke4 Bc3 47. Rc5 Bb4 48. Rc1 Ra7 49. Rg1+ Kh6 50. Rf1 Kg7 51. Rg1+ Kh6 52. Kf5 Bc3 53. Rg3 Rc7 54. Rd3 Bb4 55. Kf6 Kxh5 56. Bxf7+ Kg4 57. Rd4+ Kf3 58. Bd5+ Ke3 59. Rc4 Rxc4 60. Bxc4 Bc3 61. Kf5 Kd4 62. e6 Bb4 1/2-1/2

[Event "Bern m"]
[Site "Bern"]
[Date "1995.??.??"]
[Round "1"]
[White "Brunner, Lucas"]
[Black "Xie Jun"]
[Result "1/2-1/2"]
[WhiteElo "2535"]
[BlackElo "2555"]
[PlyCount "93"]
[EventDate "1995.02.??"]
[Source "ChessBase"]

1. d4 Nf6 2. c4 g6 3. Nc3 Bg7 4. e4 d6 5. f3 O-O 6. Be3 Nc6 7. Nge2 a6 8. Qd2 Rb8 9. Nc1 e5 10. Nb3 exd4 11. Nxd4 Nxd4 12. Bxd4 Be6 13. Be2 c6 14. a4 d5 15. cxd5 cxd5 16. e5 Nd7 17. f4 f6 18. exf6 Bxf6 19. O-O Bxd4+ 20. Qxd4 Qb6 21. Qxb6 Nxb6 22. Rad1 Nc4 23. Bxc4 dxc4 24. Rd6 Bf5 25. Rb6 Bd3 26. Rf3 Kg7 27. Kf2 Rf6 28. Rxf6 Kxf6 29. b4 Bf5 30. Nd5+ Kf7 31. Re3 Rd8 32. Re7+ Kf8 33. Re5 Kf7 34. Ne3 Rd2+ 35. Kf3 Bd7 36. Nxc4 Bc6+ 37. Ke3 Rxg2 38. b5 axb5 39. axb5 Bd7 40. Nd6+ Kf8 41. Nxb7 Rxh2 42. Nc5 Bc8 43. Rd5 Ke8 44. b6 Rb2 45. Rd6 Rb4 46. Kd3 Rxf4 47. b7 1/2-1/2

[Event "Palma de Mallorca (GMA)"]
[Site "?"]
[Date "1989.??.??"]
[Round "?"]
[White "Petursson, M."]
[Black "Watson, W."]
[Result "1-0"]
[WhiteElo "2590"]
[BlackElo "2495"]
[PlyCount "81"]
[EventDate "1989.??.??"]
[Source "ChessBase"]
[SourceDate "1989.07.01"]

1. d4 Nf6 2. c4 g6 3. Nc3 Bg7 4. e4 d6 5. f3 O-O 6. Be3 Nc6 7. Nge2 a6 8. Qd2 Rb8 9. h4 h5 10. Nc1 e5 11. d5 Nd4 12. Nb3 Nxb3 13. axb3 c5 14. Be2 Ne8 15. g4 f5 16. gxf5 gxf5 17. exf5 Bxf5 18. Ne4 Bxe4 19. fxe4 Nf6 20. Bf3 Qd7 21. Qe2 Ng4 22. Bg5 b5 23. O-O bxc4 24. bxc4 Rb3 25. Rxa6 Qb7 26. Ra2 Rb8 27. Kg2 Rxb2 28. Rxb2 Qxb2 29. Bxg4 hxg4 30. Qxb2 Rxb2+ 31. Kg3 Re2 32. Kxg4 Rxe4+ 33. Kf5 Rxc4 34. Kg6 Rb4 35. h5 Rb7 36. h6 Bf8 37. Rh1 Rd7 38. Rb1 c4 39. Rb8 Rc7 40. Bf6 c3 41. Bg7 1-0

[Event "Mayors Cup Open"]
[Site "Mumbai IND"]
[Date "2008.05.15"]
[Round "7"]
[White "Koneru, H."]
[Black "Safin, S."]
[Result "1-0"]
[WhiteElo "2603"]
[BlackElo "2481"]
[PlyCount "93"]
[EventDate "2008.05.11"]
[Source "www.chesslib.no"]
[SourceDate "2004.05.04"]

1. d4 Nf6 2. c4 g6 3. Nc3 Bg7 4. e4 d6 5. f3 O-O 6. Be3 a6 7. Qd2 Nc6 8. Nge2 Rb8 9. Nc1 e5 10. d5 Nd4 11. Nb3 Nxb3 12. axb3 c5 13. g4 h5 14. h3 Nh7 15. gxh5 Qh4+ 16. Qf2 Qxf2+ 17. Kxf2 gxh5 18. Bd3 Bd7 19. h4 Kh8 20. Ne2 f5 21. exf5 Bxf5 22. Bxf5 Rxf5 23. Ng3 Rf7 24. Ne4 Bf8 25. Bd2 Rc8 26. Bg5 Rb8 27. Ke2 b5 28. Bd2 bxc4 29. bxc4 Rxb2 30. Rxa6 Rg7 31. Kd3 Rf7 32. Rh3 Nf6 33. Nxf6 Rxf6 34. Bc3 Rb3 35. Kc2 Rxc3+ 36. Kxc3 Bg7 37. Kd3 Bf8 38. Ra7 Rf4 39. Rd7 Rd4+ 40. Kc3 Rf4 41. Rg3 Rf6 42. Kc2 Bh6 43. Re7 Bf8 44. Rd7 Bh6 45. Kb3 Bf4 46. Rgg7 Bh2 47. Rdf7 1-0

[Event "Russia (ch) 73/655"]
[Site "?"]
[Date "1998.??.??"]
[Round "?"]
[White "Razuvaev, Yuri S"]
[Black "Loginov, Valery A"]
[Result "1-0"]
[WhiteElo "2560"]
[BlackElo "2520"]
[PlyCount "67"]
[EventDate "1998.??.??"]
[Source "ChessBase"]
[SourceDate "1998.06.01"]

1. d4 Nf6 2. c4 g6 3. Nc3 Bg7 4. e4 d6 5. f3 O-O 6. Be3 a6 7. Qd2 Nc6 8. Nge2 Rb8 9. Nc1 e5 10. d5 Nd4 11. Nb3 Nxb3 12. axb3 c5 13. g4 h5 14. h3 Nh7 15. gxh5 Qh4+ 16. Qf2 Qxf2+ 17. Kxf2 gxh5 18. h4 f5 19. exf5 Bxf5 20. Ke2 e4 21. Nxe4 Bxb2 22. Ra2 Be5 23. Bh3 Bxh3 24. Rxh3 b5 25. Rh1 Kh8 26. Rg1 bxc4 27. bxc4 Rb6 28. Rg6 Nf6 29. Ng5 Rg8 30. Nf7+ Kh7 31. Rxg8 Nxg8 32. Nxe5 dxe5 33. Bxc5 Rg6 34. Kd3 1-0

[Event "Mind Sports Games - Blitz Team"]
[Site "Pechino CINA"]
[Date "2008.10.13"]
[Round "2"]
[White "Erdos, V."]
[Black "Di Berardino, D."]
[Result "1-0"]
[WhiteElo "2577"]
[BlackElo "2502"]
[PlyCount "85"]
[EventDate "2008.10.13"]
[Source "www.chesslib.no"]
[SourceDate "2004.05.04"]

1. d4 Nf6 2. c4 g6 3. Nc3 Bg7 4. e4 d6 5. f3 O-O 6. Be3 Nc6 7. Nge2 a6 8. Qd2 Rb8 9. Rc1 Bd7 10. d5 Ne5 11. Ng3 c5 12. f4 Neg4 13. Bg1 e5 14. dxe6 Bxe6 15. h3 Nh6 16. Be3 Re8 17. Bd3 b5 18. b3 bxc4 19. bxc4 Nd7 20. O-O f5 21. exf5 Nxf5 22. Nxf5 gxf5 23. Kh1 Qf6 24. Be2 Qf7 25. Qxd6 Rbd8 26. Bg1 Nf6 27. Qxc5 Ne4 28. Nxe4 fxe4 29. f5 Bc8 30. f6 Bh6 31. Be3 Bxe3 32. Qxe3 Kh8 33. c5 Rg8 34. Rf2 Rd5 35. c6 Rdg5 36. Bf1 Rg3 37. Qxe4 Bxh3 38. c7 Bc8 39. Kg1 Qh5 40. f7 Rf8 41. Qd4+ Rg7 42. Qd6 Qg5 43. Qxf8+ 1-0

[Event "North American Open"]
[Site "?"]
[Date "2002.12.28"]
[Round "5"]
[White "Novikov Igor A"]
[Black "Barcenilla Rogelio"]
[Result "1/2-1/2"]
[WhiteElo "2592"]
[BlackElo "2486"]
[PlyCount "86"]
[EventDate "2002.??.??"]
[Source "www.chesslib.no"]
[SourceDate "2004.05.04"]

1. d4 Nf6 2. c4 g6 3. Nc3 Bg7 4. e4 d6 5. f3 O-O 6. Nge2 Nc6 7. Be3 a6 8. Qd2 Rb8 9. Rb1 e5 10. d5 Ne7 11. Ng3 h5 12. Bd3 Kh7 13. O-O Neg8 14. h3 h4 15. Nge2 Nh5 16. f4 Bh6 17. Rf3 Bd7 18. Rbf1 Kg7 19. Nd1 Qe7 20. Qc3 f6 21. c5 g5 22. f5 Kh7 23. b4 Nf4 24. Nxf4 gxf4 25. Bf2 Bg5 26. Qe1 Be8 27. Be2 Nh6 28. Rc3 Rg8 29. Bxh4 Qg7 30. Bxg5 Qxg5 31. Bf3 Bb5 32. Rf2 Qh4 33. Be2 Bxe2 34. Rxe2 Qh5 35. Kh1 Rg7 36. cxd6 cxd6 37. Rec2 Rbg8 38. Qe2 Qh4 39. Rc7 Nf7 40. Rxb7 Kh8 41. Qf2 Qh5 42. Qe2 Qh4 43. Qf2 Qh5 1/2-1/2

[Event "open"]
[Site "Sharjah"]
[Date "2003.08.30"]
[Round "4"]
[White "Svetushkin, Dmitry"]
[Black "El Taher, Fouad"]
[Result "0-1"]
[WhiteElo "2571"]
[BlackElo "2505"]
[PlyCount "90"]
[EventDate "2003.08.27"]
[Source "Roberto Alvarez"]
[SourceDate "2003.09.22"]

1. d4 Nf6 2. c4 g6 3. Nc3 Bg7 4. e4 d6 5. f3 O-O 6. Nge2 a6 7. Be3 Nc6 8. Qd2 Rb8 9. Rc1 Bd7 10. Nd1 Re8 11. g3 e6 12. Bg2 b5 13. cxb5 axb5 14. O-O e5 15. dxe5 Nxe5 16. b3 b4 17. Nf2 Bb5 18. Rfd1 Nc6 19. Nf4 Qd7 20. N4d3 d5 21. Nc5 Qe7 22. Bg5 dxe4 23. Nfxe4 Nxe4 24. Nxe4 f6 25. Qd5+ Kh8 26. Bf4 f5 27. Bg5 Qf8 28. Nf2 Re5 29. Qd2 Re2 30. Qd5 Re5 31. Qd2 Re2 32. Qd7 h6 33. Bf4 Re7 34. Qd5 g5 35. Nd3 gxf4 36. Nxf4 Qf6 37. Qd2 Rd8 38. Nd5 Qf7 39. Kh1 Rxd5 40. Qxd5 Re1+ 41. Rxe1 Qxd5 42. f4 Qd6 43. g4 Nd4 44. gxf5 Qxf4 45. Rc5 Nf3 0-1

[Event "Anibal op4th"]
[Site "?"]
[Date "1997.??.??"]
[Round "9"]
[White "Ibragimov, I."]
[Black "Delchev, A."]
[Result "1/2-1/2"]
[WhiteElo "2555"]
[BlackElo "2515"]
[PlyCount "25"]
[EventDate "1997.??.??"]
[Source "www.chesslib.no"]
[SourceDate "2004.05.04"]

1. d4 Nf6 2. c4 g6 3. Nc3 Bg7 4. e4 d6 5. f3 O-O 6. Nge2 a6 7. Be3 Nc6 8. Qd2 Rb8 9. Nc1 e5 10. d5 Nd4 11. Nb3 Nxb3 12. axb3 c5 13. b4 1/2-1/2

[Event "Linares Anibal op 4th"]
[Site "Linares"]
[Date "1997.??.??"]
[Round "9"]
[White "Ibragimov, Ildar"]
[Black "Delchev, Aleksander"]
[Result "1/2-1/2"]
[WhiteElo "2555"]
[BlackElo "2515"]
[PlyCount "78"]
[EventDate "1997.02.??"]
[Source "ChessBase"]

1. d4 Nf6 2. c4 g6 3. Nc3 Bg7 4. e4 d6 5. f3 O-O 6. Nge2 a6 7. Be3 Nc6 8. Qd2 Rb8 9. Nc1 e5 10. d5 Nd4 11. Nb3 Nxb3 12. axb3 c5 13. b4 cxb4 14. Na4 b5 15. cxb5 axb5 16. Qxb4 Ne8 17. Nb6 Bh6 18. Bf2 Rxb6 19. Qa5 Ra6 20. Qxd8 Rxa1+ 21. Ke2 Rb1 22. Qxc8 Rxb2+ 23. Kd3 Rxf2 24. Qh3 Rd2+ 25. Kc3 b4+ 26. Kxb4 Be3 27. Bc4 Bd4 28. Rb1 Nf6 29. g3 Rb8+ 30. Bb5 Rc2 31. Qf1 Ne8 32. Kb3 Rc3+ 33. Ka4 Bc5 34. Rb3 Rxb3 35. Kxb3 Nc7 36. f4 Rxb5+ 37. Kc2 Rb4 38. fxe5 Rxe4 39. Qf6 Rxe5 1/2-1/2

[Event "MK Cafe Cup-A"]
[Site "Koszalin"]
[Date "1999.08.11"]
[Round "8"]
[White "Bu Xiangzhi"]
[Black "Kruppa, Yuri"]
[Result "0-1"]
[WhiteElo "2465"]
[BlackElo "2603"]
[PlyCount "62"]
[EventDate "1999.08.03"]
[Source "ChessBase"]
[SourceDate "1999.12.01"]

1. d4 Nf6 2. c4 g6 3. Nc3 Bg7 4. e4 d6 5. f3 O-O 6. Nge2 a6 7. Be3 Nc6 8. Qd2 Rb8 9. d5 Ne5 10. Ng3 c6 11. a4 h5 12. Be2 h4 13. Nf1 h3 14. g4 cxd5 15. exd5 Qa5 16. b4 Qc7 17. Qa2 b5 18. axb5 axb5 19. c5 dxc5 20. Bxc5 Nfd7 21. Ne4 Nxc5 22. bxc5 Nxf3+ 23. Bxf3 Qe5 24. O-O-O Bxg4 25. Bxg4 Ra8 26. Qb3 Qxe4 27. Bxh3 Ra1+ 28. Kd2 Bh6+ 29. Kc3 b4+ 30. Qxb4 Bg7+ 31. Kb3 Rb1+ 0-1

[Event "2nd Misr Closed"]
[Site "Ismailia"]
[Date "2004.08.17"]
[Round "2"]
[White "Grigoriants, Sergey"]
[Black "Timoshenko, Georgy"]
[Result "1/2-1/2"]
[WhiteElo "2530"]
[BlackElo "2536"]
[PlyCount "49"]
[EventDate "2004.08.16"]
[Source "Roberto Alvarez"]
[SourceDate "2004.09.06"]

1. d4 Nf6 2. c4 g6 3. Nc3 Bg7 4. e4 d6 5. f3 O-O 6. Nge2 a6 7. Be3 Nc6 8. Qd2 Rb8 9. Rc1 Bd7 10. Nd1 b6 11. Nf2 e6 12. g3 Ne7 13. b4 Ra8 14. Bg2 a5 15. a3 axb4 16. axb4 Ra3 17. Bg5 Ne8 18. O-O f6 19. Qb2 Qa8 20. Bd2 Ra2 21. Qc3 Ra3 22. Qb2 Ra2 23. Qc3 Ra3 24. Qc2 d5 25. cxd5 1/2-1/2